Fast typing 1-5 - Statistics

General Stats
  • This quiz has been taken 365 times
  • The average score is 5 of 5
Answer Stats
Answer % Correct
2
100%
1
99%
3
99%
4
98%
5
97%
No matching quizzes found
Score Distribution
Percent of People with Each Score
Percentile by Number Answered
Your Score History
You have not taken this quiz